Disaster Management Books: Using the vulnerability and capacity assessment tool in Rwanda (Record no. 550261)
[ view plain ]
| 000 -LEADER | |
|---|---|
| fixed length control field | 00492nam a22001337a 4500 |
| 082 ## - DEWEY DECIMAL CLASSIFICATION NUMBER | |
| Classification number | 658.47 |
| Author Mark | DIS |
| -- | MCE |
| 245 ## - TITLE STATEMENT | |
| Title | Disaster Management Books: Using the vulnerability and capacity assessment tool in Rwanda |
| Statement of responsibility, etc. | Disaster |
| 260 ## - PUBLICATION, DISTRIBUTION, ETC. | |
| Place of publication, distribution, etc. | Switzerland |
| Name of publisher, distributor, etc. | International Federation of Red Cross and Red Crescent Societies |
| Date of publication, distribution, etc. | 2003 |
| 300 ## - PHYSICAL DESCRIPTION | |
| Extent | 47 P.: |
| Other physical details | ill,; |
| Dimensions | 22 cm. |
| 526 ## - STUDY PROGRAM INFORMATION NOTE | |
| Program name | 0 |
| Interest level | 0 |
| Reading level | 0 |
| Title point value | 658_470000000000000_DIS |
| 526 ## - STUDY PROGRAM INFORMATION NOTE | |
| Program name | 0 |
| Interest level | 0 |
| Reading level | 0 |
| Title point value | 658_470000000000000_DIS |
| 650 ## - SUBJECT ADDED ENTRY--TOPICAL TERM | |
| Topical term or geographic name entry element | MCE |
| 9 (RLIN) | 379 |
| 942 ## - ADDED ENTRY ELEMENTS (KOHA) | |
| Source of classification or shelving scheme | |
| Koha item type | Book |
| Withdrawn status | Lost status | Source of classification or shelving scheme | Damaged status | Not for loan | Permanent Location | Current Location | Date acquired | Total Checkouts | Full call number | Barcode | Date last seen | Date last checked out | Copy number | Price effective from | Koha item type |
|---|---|---|---|---|---|---|---|---|---|---|---|---|---|---|---|
| Military College of Engineering (MCE) | Military College of Engineering (MCE) | 10/29/2014 | 2 | 658.47 DIS | MCE-50135 | 02/14/2019 | 10/11/2017 | 1 | 10/29/2014 | Book | |||||
| Military College of Engineering (MCE) | Military College of Engineering (MCE) | 10/29/2014 | 658.47 DIS | MCE-50136 | 10/29/2014 | 2 | 03/14/2021 | Book |
